00739nam a2200193 a 450000100100000000500170001000800410002702000150006804000250008308200140010810000380012224501110016026000510027130000200032249000330034283000400037595201130041599900170052800003627920200930075638.0120112s1998 mx 000 0 spa d a9688593273 aDO-SdBNPbspacBNPHU axxxbL8641 aLópez Arpitarte, Eduardo96239713aLa ética cristiana :b¿fe o razón? discusiones en torno a su fundamento /cEduardo López Azpitarte. aMéxico :bUniversidad Iberoamericana,c1998. a59 p. ;c21 cm.1 aCuadernos de Fe y Culturav7 0aCuadernos de Fe y Culturav7956091 0010507-18MOaGRbGRcOId2012-01-12iLF1l0oxxx L864p36280-10r2020-06-25w2020-06-25y1ZNo se presta c35770d35770